000 00569 a2200181 4500
999 _c2479
_d2479
020 _a9781584503200
050 0 0 _aHF5548.38.O64 LOC 2004
100 1 _aLocke, John,
_d1968-
245 1 0 _aOpen source solutions for small business problems :
_cJohn Locke.
264 _aUSA:
_bCharles River Media,
_c2004
300 _axx, 556 p. :
_bill.
500 _aincludes index.
504 _aIncludes bibliographical references.
650 0 _aSmall business
_xComputer programs.
650 0 _aOpen source software.
942 _2lcc
_cBK
_h5548
_iLOC
_kHF